[Event "GBR-ch108 Major Open"]
[Site "Torquay"]
[Date "2022.08.19"]
[Round "7"]
[White "Karski, Sebastian"]
[Black "Foster, Timothy"]
[Result "0-1"]
[WhiteElo "1800"]
[BlackElo "1766"]
[PlyCount "79"]
[EventDate "2022.08.13"]
[EventType "swiss"]
[EventRounds "9"]
[EventCountry "GBR"]
[SourceTitle "BritBase"]
[Source "John Saunders"]
[SourceDate "2021.06.05"]
[SourceVersion "1"]
[SourceVersionDate "2021.06.05"]
[SourceQuality "1"]

1. e4 c5 2. Nf3 d6 3. d4 cxd4 4. Nxd4 Nf6 5. Nc3 g6 6. Be3 Bg7 7. f3 Nc6 8. Qd2
O-O 9. O-O-O Nxd4 10. Bxd4 Be6 11. h4 Qa5 12. Kb1 Rfc8 13. g4 Rxc3 14. Qxc3
Qxa2+ 15. Kc1 Qa1+ 16. Kd2 Qa4 17. b3 Nxe4+ 18. fxe4 Qxd4+ 19. Qxd4 Bxd4 20. g5
Rc8 21. Be2 Rc5 22. c4 Be5 23. Ke3 Ra5 24. Rb1 Ra3 25. Kf2 Ra2 26. Ke3 Ra3 27.
Kf2 Bd4+ 28. Ke1 Ra2 29. Rh2 Be5 30. Rg2 Bh3 31. Rg1 Bc3+ 32. Kd1 Rd2+ 33. Ke1
Bg4 34. Rxg4 Rb2+ 35. Kd1 Rxb1+ 36. Kc2 Rb2+ 37. Kxc3 Rxe2 38. Kb4 Re3 39. Ka4
a6 40. b4 0-1

[Event "GBR-ch108 Major Open"]
[Site "Torquay"]
[Date "2022.08.19"]
[Round "7"]
[White "Liu, Tianyi (Jack)"]
[Black "Walley, A Clive"]
[Result "1/2-1/2"]
[WhiteElo "1529"]
[BlackElo "1822"]
[PlyCount "56"]
[EventDate "2022.08.13"]
[EventType "swiss"]
[EventRounds "9"]
[EventCountry "GBR"]
[SourceTitle "BritBase"]
[Source "John Saunders"]
[SourceDate "2021.06.05"]
[SourceVersion "1"]
[SourceVersionDate "2021.06.05"]
[SourceQuality "1"]

1. e4 c5 2. Nf3 Nc6 3. d4 cxd4 4. Nxd4 Nf6 5. Nc3 e5 6. Ndb5 d6 7. Bg5 a6 8.
Na3 b5 9. Nd5 Be7 10. Bxf6 Bxf6 11. c3 O-O 12. Nc2 Rb8 13. h4 a5 14. g3 g6 15.
Be2 Bg7 16. Nce3 Be6 17. a4 bxa4 18. Qxa4 Ne7 19. Qxa5 Bxd5 20. Nxd5 Nxd5 21.
Qxd5 Rxb2 22. Bg4 Qc7 23. O-O Qxc3 24. Qxd6 Rd2 25. Qa3 Qd4 26. Qf3 Rd3 27. Qg2
Rd2 28. Rad1 Rd8 1/2-1/2

[Event "GBR-ch108 Major Open"]
[Site "Torquay"]
[Date "2022.08.19"]
[Round "7"]
[White "Gamal, Alaa"]
[Black "Moss, Jack"]
[Result "1-0"]
[WhiteElo "1690"]
[BlackElo "1707"]
[PlyCount "87"]
[EventDate "2022.08.13"]
[EventType "swiss"]
[EventRounds "9"]
[EventCountry "GBR"]
[SourceTitle "BritBase"]
[Source "John Saunders"]
[SourceDate "2021.06.05"]
[SourceVersion "1"]
[SourceVersionDate "2021.06.05"]
[SourceQuality "1"]

1. d4 f5 2. Bg5 h6 3. Bh4 g5 4. e3 Nf6 5. Be2 d6 6. Bh5+ Kd7 7. Bg3 e6 8. Be2
Ne4 9. c4 c6 10. Qa4 Nxg3 11. hxg3 d5 12. Nf3 Bg7 13. Nc3 Ke7 14. O-O-O Nd7 15.
Qb4+ Kf7 16. cxd5 exd5 17. Qd6 Qe7 18. Qc7 Re8 19. Ne1 Nf6 20. Qa5 Kg8 21. Nd3
Ne4 22. Bh5 Rf8 23. Ne2 b6 24. Qa4 c5 25. f3 c4 26. fxe4 cxd3 27. Rxd3 fxe4 28.
Rc3 Bd7 29. Qb3 Qd6 30. Kb1 Rac8 31. Rxc8 Bxc8 32. Nc3 Be6 33. Rg1 Kh8 34. Ne2
a6 35. Qd1 Rf2 36. Qe1 Qf8 37. g4 Rf6 38. Ng3 Qd6 39. Rf1 Rxf1 40. Nxf1 Qd7 41.
Qg3 Qb5 42. Qe1 Qd3+ 43. Kc1 Bf8 44. a3 1-0

[Event "GBR-ch108 Major Open"]
[Site "Torquay"]
[Date "2022.08.19"]
[Round "7"]
[White "Headlong, Georgia"]
[Black "Humphreys, Jerry G"]
[Result "1/2-1/2"]
[WhiteElo "1417"]
[BlackElo "1942"]
[PlyCount "46"]
[EventDate "2022.08.13"]
[EventType "swiss"]
[EventRounds "9"]
[EventCountry "GBR"]
[SourceTitle "BritBase"]
[Source "John Saunders"]
[SourceDate "2021.06.05"]
[SourceVersion "1"]
[SourceVersionDate "2021.06.05"]
[SourceQuality "1"]

1. e4 c5 2. Nc3 Nc6 3. g3 g6 4. Bg2 Bg7 5. d3 d6 6. Be3 e6 7. Qd2 Rb8 8. Nge2
Nd4 9. O-O b5 10. Nc1 Qa5 11. Bxd4 cxd4 12. Nb1 Qxd2 13. Nxd2 Ne7 14. Ne2 Bd7
15. Nb3 Nc6 16. Nf4 Ke7 17. Rac1 b4 18. Nd2 Rhc8 19. Nc4 Ne5 20. b3 Rc5 21. Ra1
Bc6 22. Rfb1 Nd7 23. Re1 Ne5 1/2-1/2

[Event "GBR-ch108 Major Open"]
[Site "Torquay"]
[Date "2022.08.19"]
[Round "7"]
[White "Taylor, William J"]
[Black "Tye, Jack"]
[Result "1/2-1/2"]
[WhiteElo "1936"]
[BlackElo "1428"]
[PlyCount "57"]
[EventDate "2022.08.13"]
[EventType "swiss"]
[EventRounds "9"]
[EventCountry "GBR"]
[SourceTitle "BritBase"]
[Source "John Saunders"]
[SourceDate "2021.06.05"]
[SourceVersion "1"]
[SourceVersionDate "2021.06.05"]
[SourceQuality "1"]

1. e4 c5 2. Nf3 Nc6 3. d4 cxd4 4. Nxd4 e5 5. Nb5 d6 6. c4 Nf6 7. N5c3 Be7 8.
Bd3 Be6 9. O-O O-O 10. Nd5 Bxd5 11. exd5 Nb4 12. Be2 a5 13. Nc3 Nd7 14. b3 f5
15. Kh1 e4 16. a3 Bf6 17. Bd2 Na6 18. Rb1 Ne5 19. b4 axb4 20. axb4 Bg5 21. Bxg5
Qxg5 22. Qc1 Qg6 23. Qf4 Qf6 24. Qd2 Rac8 25. Qa2 Ra8 26. Qb3 Rfc8 27. Na4 Nd7
28. f3 exf3 29. Nc3 1/2-1/2

[Event "GBR-ch108 Major Open"]
[Site "Torquay"]
[Date "2022.08.19"]
[Round "7"]
[White "Pert, Max"]
[Black "Fowler, Hugo"]
[Result "1/2-1/2"]
[WhiteElo "1487"]
[BlackElo "1686"]
[PlyCount "36"]
[EventDate "2022.08.13"]
[EventType "swiss"]
[EventRounds "9"]
[EventCountry "GBR"]
[SourceTitle "BritBase"]
[Source "John Saunders"]
[SourceDate "2021.06.05"]
[SourceVersion "1"]
[SourceVersionDate "2021.06.05"]
[SourceQuality "1"]

1. d4 d5 2. Nf3 Nf6 3. c4 c5 4. e3 cxd4 5. exd4 Nc6 6. Nc3 e6 7. Bg5 Be7 8. Bd3
O-O 9. O-O h6 10. Be3 b6 11. cxd5 Nxd5 12. Be4 Nxe3 13. fxe3 Bb7 14. Rc1 Qd7
15. Qa4 Rfd8 16. Qc2 Bf6 17. a3 Rac8 18. Rfd1 Qe8 1/2-1/2

[Event "GBR-ch108 Major Open"]
[Site "Torquay"]
[Date "2022.08.19"]
[Round "7"]
[White "Ruane, Brendan J"]
[Black "Gartside, Carl"]
[Result "1/2-1/2"]
[WhiteElo "1697"]
[BlackElo "1739"]
[PlyCount "39"]
[EventDate "2022.08.13"]
[EventType "swiss"]
[EventRounds "9"]
[EventCountry "GBR"]
[SourceTitle "BritBase"]
[Source "John Saunders"]
[SourceDate "2021.06.05"]
[SourceVersion "1"]
[SourceVersionDate "2021.06.05"]
[SourceQuality "1"]

1. e4 e5 2. Nf3 Nc6 3. Nc3 Nf6 4. Bb5 Nd4 5. O-O Nxb5 6. Nxb5 d6 7. d4 exd4 8.
Qxd4 a6 9. Nc3 Be7 10. h3 O-O 11. Bf4 Bd7 12. Rad1 Bc6 13. Rfe1 Re8 14. Qd3 b6
15. e5 dxe5 16. Qc4 Bd7 17. Nxe5 Bd6 18. Nxf7 Be6 19. Rxe6 Qd7 20. Rxe8+
1/2-1/2

[Event "GBR-ch108 Major Open"]
[Site "Torquay"]
[Date "2022.08.19"]
[Round "7"]
[White "Matthews, Adrian M S"]
[Black "Adams, Henry"]
[Result "0-1"]
[WhiteElo "1932"]
[BlackElo "1473"]
[PlyCount "64"]
[EventDate "2022.08.13"]
[EventType "swiss"]
[EventRounds "9"]
[EventCountry "GBR"]
[SourceTitle "BritBase"]
[Source "John Saunders"]
[SourceDate "2021.06.05"]
[SourceVersion "1"]
[SourceVersionDate "2021.06.05"]
[SourceQuality "1"]

1. e4 c5 2. c3 Nf6 3. e5 Nd5 4. Bc4 Nb6 5. Bb3 d6 6. d4 cxd4 7. Qf3 e6 8. cxd4
Nc6 9. Ne2 dxe5 10. O-O Bd6 11. Nbc3 O-O 12. Nb5 Bb8 13. Rd1 a6 14. dxe5 Qe7
15. Nbd4 Nxe5 16. Qh5 Nbd7 17. Bg5 Nf6 18. Qh3 Ng6 19. Rac1 a5 20. Rxc8 Rxc8
21. Nxe6 Re8 22. N6d4 Ba7 23. Be3 Rad8 24. g3 b5 25. Rc1 Qd7 26. Qxd7 Rxd7 27.
Nxb5 Rxe3 28. Nxa7 Rxe2 29. Rc8+ Re8 30. Rxe8+ Nxe8 31. Nc6 Rd2 32. Nxa5 Nd6
0-1

[Event "GBR-ch108 Major Open"]
[Site "Torquay"]
[Date "2022.08.19"]
[Round "7"]
[White "McCarthy, Damian"]
[Black "Ashworth, Robert"]
[Result "1-0"]
[WhiteElo "1860"]
[BlackElo "1581"]
[PlyCount "149"]
[EventDate "2022.08.13"]
[EventType "swiss"]
[EventRounds "9"]
[EventCountry "GBR"]
[SourceTitle "BritBase"]
[Source "John Saunders"]
[SourceDate "2021.06.05"]
[SourceVersion "1"]
[SourceVersionDate "2021.06.05"]
[SourceQuality "1"]

1. e4 e5 2. Nf3 Nc6 3. d4 exd4 4. Nxd4 Bc5 5. Nb3 Bb6 6. Nc3 d6 7. Qe2 Nf6 8.
Be3 Bxe3 9. Qxe3 Be6 10. O-O-O Qe7 11. g3 Ng4 12. Qd2 O-O-O 13. f4 Bxb3 14.
axb3 Rhe8 15. Bg2 Nf6 16. Rhe1 Kb8 17. Nd5 Qd7 18. Nxf6 gxf6 19. Qc3 Qe6 20.
Rd5 a6 21. Rf5 d5 22. Qxf6 dxe4 23. Qxe6 Rxe6 24. Rxf7 e3 25. Bxc6 bxc6 26. f5
Re5 27. f6 Rf5 28. Re7 Rxf6 29. R7xe3 Rf2 30. R3e2 Rdf8 31. Kd2 Kc8 32. Rxf2
Rxf2+ 33. Re2 Rf7 34. Ke1 Kd7 35. Rf2 Re7+ 36. Kf1 Kd6 37. Kg2 Rg7 38. Kh3 Ke6
39. Kh4 Rg6 40. g4 Rh6+ 41. Kg3 Ke7 42. b4 Re6 43. Kh4 Re5 44. c3 h6 45. h3 Re6
46. Kh5 Re3 47. h4 Rh3 48. Kxh6 Rxh4+ 49. Kg5 Rh8 50. Rf4 Ke6 51. Rf6+ Kd5 52.
Kf5 Rh2 53. g5 Rf2+ 54. Kg6 Rg2 55. Kh6 Ke5 56. Rxc6 Rxb2 57. Rxc7 Rh2+ 58. Kg7
Rh3 59. g6 Ke6 60. Rc6+ Ke7 61. c4 Rb3 62. Rb6 Rc3 63. b5 axb5 64. cxb5 Rb3 65.
Kg8 Rb4 66. Rb7+ Kf6 67. g7 Rc4 68. Rb6+ Ke7 69. Rc6 Rg4 70. b6 Kd7 71. Rf6 Ke7
72. Rf7+ Ke6 73. Kf8 Rc4 74. Re7+ Kf6 75. Re6+ 1-0

[Event "GBR-ch108 Major Open"]
[Site "Torquay"]
[Date "2022.08.19"]
[Round "7"]
[White "McKay, Ruairidh"]
[Black "Mize, Dylan"]
[Result "1/2-1/2"]
[WhiteElo "1394"]
[BlackElo "1538"]
[PlyCount "127"]
[EventDate "2022.08.13"]
[EventType "swiss"]
[EventRounds "9"]
[EventCountry "GBR"]
[SourceTitle "BritBase"]
[Source "John Saunders"]
[SourceDate "2021.06.05"]
[SourceVersion "1"]
[SourceVersionDate "2021.06.05"]
[SourceQuality "1"]

1. d4 Nf6 2. c4 e6 3. Nc3 Bb4 4. e3 c5 5. Nge2 O-O 6. a3 Bxc3+ 7. Nxc3 d6 8.
Be2 Nc6 9. O-O Qe7 10. d5 Ne5 11. f4 Ng6 12. Bd3 e5 13. f5 e4 14. fxg6 exd3 15.
gxh7+ Nxh7 16. Qxd3 Re8 17. Bd2 Nf6 18. e4 Ng4 19. Qg3 Qe5 20. Qxe5 Nxe5 21. b3
a6 22. h3 Bd7 23. Bf4 f6 24. Bxe5 Rxe5 25. a4 Rae8 26. g4 Kh7 27. a5 Kg6 28.
Rab1 Rc8 29. Kg2 Kg5 30. Kg3 Rc7 31. Rf4 Re8 32. Ne2 b6 33. axb6 Rb7 34. Ng1
Rxb6 35. Nf3+ Kg6 36. Nd2 Reb8 37. Ra1 R8b7 38. Rf3 Bc8 39. Kf4 Re7 40. Rg3 Kh6
41. g5+ fxg5+ 42. Ke3 Re5 43. Rf1 Re7 44. Rf8 Bd7 45. Rh8+ Kg6 46. h4 g4 47.
h5+ Kf6 48. Rf8+ Kg5 49. Nf3+ Kxh5 50. Rh8+ Kg6 51. Nh4+ Kf7 52. Kf4 Re5 53.
Nf5 Bxf5 54. exf5 Re1 55. Kxg4 Rb1 56. Ra8 R1xb3 57. Rxb3 Rxb3 58. Rxa6 Rc3 59.
Rxd6 Rxc4+ 60. Kg5 Rd4 61. Rd7+ Ke8 62. Rxg7 Rxd5 63. Rg8+ Kf7 64. Rc8 1/2-1/2

[Event "GBR-ch108 Major Open"]
[Site "Torquay"]
[Date "2022.08.19"]
[Round "7"]
[White "Renshaw, Lucas"]
[Black "Sivanandan, Bodhana"]
[Result "1/2-1/2"]
[WhiteElo "1595"]
[BlackElo "1436"]
[PlyCount "124"]
[EventDate "2022.08.13"]
[EventType "swiss"]
[EventRounds "9"]
[EventCountry "GBR"]
[SourceTitle "BritBase"]
[Source "John Saunders"]
[SourceDate "2021.06.05"]
[SourceVersion "1"]
[SourceVersionDate "2021.06.05"]
[SourceQuality "1"]

1. e4 e5 2. d4 exd4 3. Qxd4 Nc6 4. Qe3 d6 5. Nc3 Nf6 6. Bd2 Be6 7. O-O-O a6 8.
Be1 Qe7 9. Nge2 O-O-O 10. Nd4 Nxd4 11. Qxd4 Kb8 12. f4 g6 13. e5 Ne8 14. exd6
Qf6 15. Bf2 Rxd6 16. Qa7+ Kc8 17. g3 Rxd1+ 18. Kxd1 Nd6 19. Bd4 Bg4+ 20. Kc1
Qe6 21. Bxa6 Rg8 22. Bxb7+ Nxb7 23. Qa8+ Kd7 24. Qxb7 Qc6 25. Qxc6+ Kxc6 26.
Re1 f5 27. Re8 Kd7 28. Rb8 Ke6 29. Bc5 Kf7 30. Rxf8+ Rxf8 31. Bxf8 Kxf8 32. Kd2
c6 33. Kd3 Ke7 34. Kc4 Kd6 35. a4 Bf3 36. a5 c5 37. Kb5 h6 38. Na4 Bc6+ 39. Kb6
Bxa4 40. c3 c4 41. Kb7 Kc5 42. a6 Bc6+ 43. Kc7 Be4 44. a7 Kb5 45. Kd6 Kb6 46.
Ke6 Kxa7 47. Kf6 Kb6 48. Kxg6 Kb5 49. Kxh6 Ka4 50. h4 Kb3 51. h5 Bf3 52. Kg6
Bxh5+ 53. Kxh5 Kxb2 54. g4 fxg4 55. Kxg4 Kxc3 56. f5 Kb2 57. f6 c3 58. f7 c2
59. f8=Q c1=Q 60. Qb4+ Kc2 61. Qc4+ Kd2 62. Qxc1+ Kxc1 1/2-1/2

[Event "GBR-ch108 Major Open"]
[Site "Torquay"]
[Date "2022.08.19"]
[Round "7"]
[White "Sainbayar, Anuurai"]
[Black "Oh, Julie"]
[Result "0-1"]
[WhiteElo "1525"]
[BlackElo "1161"]
[PlyCount "43"]
[EventDate "2022.08.13"]
[EventType "swiss"]
[EventRounds "9"]
[EventCountry "GBR"]
[SourceTitle "BritBase"]
[Source "John Saunders"]
[SourceDate "2021.06.05"]
[SourceVersion "1"]
[SourceVersionDate "2021.06.05"]
[SourceQuality "1"]

1. e4 c5 2. Nf3 e6 3. c4 Qc7 4. Nc3 a6 5. d3 Nc6 6. Be3 Nf6 7. h3 Be7 8. Be2 b6
9. O-O h5 10. Bg5 Bb7 11. Bh4 Bd6 12. d4 cxd4 13. Nxd4 Nxd4 14. Qxd4 Be5 15.
Qe3 Ng4 16. hxg4 hxg4 17. Bg3 O-O-O 18. Bxg4 Rh6 19. Bxe5 Qxe5 20. f4 Qf6 21.
Qg3 Rdh8 22. Rad1 0-1

[Event "GBR-ch108 Major Open"]
[Site "Torquay"]
[Date "2022.08.19"]
[Round "7"]
[White "Willow, Hambel M"]
[Black "Chan, Michelle (Ngo Yu)"]
[Result "1-0"]
[WhiteElo "1585"]
[BlackElo "1243"]
[PlyCount "49"]
[EventDate "2022.08.13"]
[EventType "swiss"]
[EventRounds "9"]
[EventCountry "GBR"]
[SourceTitle "BritBase"]
[Source "John Saunders"]
[SourceDate "2021.06.05"]
[SourceVersion "1"]
[SourceVersionDate "2021.06.05"]
[SourceQuality "1"]

1. d4 d5 2. c4 e6 3. Nc3 Nf6 4. Bg5 Be7 5. Nf3 h6 6. Bf4 O-O 7. e3 b6 8. Qc2 c5
9. Nb5 a6 10. Nc3 cxd4 11. exd4 dxc4 12. Bxc4 Nc6 13. Rd1 b5 14. Be2 Bb7 15.
O-O Nb4 16. Qd2 Nbd5 17. Nxd5 Nxd5 18. Bxh6 gxh6 19. Qxh6 Nf6 20. Ne5 Be4 21.
Rfe1 Bb4 22. Bd3 Bxe1 23. Rxe1 Rc8 24. Bxe4 Re8 25. h3 1-0

[Event "GBR-ch108 Major Open"]
[Site "Torquay"]
[Date "2022.08.20"]
[Round "8"]
[White "Dignam, Matthew"]
[Black "Midhun, P U."]
[Result "1/2-1/2"]
[WhiteElo "2080"]
[BlackElo "1965"]
[PlyCount "37"]
[EventDate "2022.08.13"]
[EventType "swiss"]
[EventRounds "9"]
[EventCountry "GBR"]
[SourceTitle "BritBase"]
[Source "John Saunders"]
[SourceDate "2021.06.05"]
[SourceVersion "1"]
[SourceVersionDate "2021.06.05"]
[SourceQuality "1"]

1. e4 e5 2. Nf3 Nc6 3. Bc4 Bc5 4. O-O d6 5. b4 Bb6 6. a4 a6 7. a5 Ba7 8. b5
axb5 9. Bxb5 Nf6 10. d4 O-O 11. Bxc6 bxc6 12. Re1 exd4 13. Nxd4 Ng4 14. Be3
Nxe3 15. Rxe3 Qf6 16. c3 Bd7 17. Qd3 Rfe8 18. Nd2 g6 19. a6 1/2-1/2

[Event "GBR-ch108 Major Open"]
[Site "Torquay"]
[Date "2022.08.20"]
[Round "8"]
[White "Alldritt, Nigel R E"]
[Black "Ogunshola, Ben"]
[Result "0-1"]
[WhiteElo "2049"]
[BlackElo "2140"]
[PlyCount "48"]
[EventDate "2022.08.13"]
[EventType "swiss"]
[EventRounds "9"]
[EventCountry "GBR"]
[SourceTitle "BritBase"]
[Source "John Saunders"]
[SourceDate "2021.06.05"]
[SourceVersion "1"]
[SourceVersionDate "2021.06.05"]
[SourceQuality "1"]

1. d4 Nf6 2. c4 g6 3. g3 Bg7 4. Nf3 O-O 5. Bg2 d6 6. Nc3 c6 7. O-O Qa5 8. e4
Bg4 9. h3 Bxf3 10. Bxf3 Nfd7 11. Be3 Qb4 12. Qb3 a5 13. Qxb4 axb4 14. Ne2 c5
15. Rfd1 Nc6 16. a3 Ra4 17. axb4 Rxb4 18. e5 cxd4 19. Bxc6 bxc6 20. exd6 e5 21.
Bd2 Rxb2 22. Ra7 Nc5 23. Kf1 Rd8 24. Nc1 f6 0-1

[Event "GBR-ch108 Major Open"]
[Site "Torquay"]
[Date "2022.08.20"]
[Round "8"]
[White "Smith, Andrew Philip"]
[Black "James, Russell A"]
[Result "0-1"]
[WhiteElo "2073"]
[BlackElo "2033"]
[PlyCount "94"]
[EventDate "2022.08.13"]
[EventType "swiss"]
[EventRounds "9"]
[EventCountry "GBR"]
[SourceTitle "BritBase"]
[Source "John Saunders"]
[SourceDate "2021.06.05"]
[SourceVersion "1"]
[SourceVersionDate "2021.06.05"]
[SourceQuality "1"]

1. e4 c5 2. Nf3 d6 3. d4 cxd4 4. Nxd4 Nf6 5. Nc3 a6 6. Bg5 Nc6 7. Bxf6 gxf6 8.
Nxc6 bxc6 9. Qh5 Qb6 10. Rb1 Qd4 11. Be2 Qe5 12. Qf3 h5 13. O-O h4 14. Qe3 Bh6
15. Qb6 Bd7 16. Bg4 e6 17. Kh1 Ke7 18. f3 Rhb8 19. Qf2 Rg8 20. Bh3 Bf4 21. Ne2
Qg5 22. Nxf4 Qxf4 23. Rfd1 Rg5 24. c4 c5 25. Rd3 Rb8 26. Rbd1 Rb6 27. b3 Rg8
28. Qe1 Ra8 29. Bg4 Rh8 30. Qa5 Rc6 31. Qe1 Qe5 32. Qd2 Rd8 33. f4 Qxe4 34. Bf3
Qf5 35. Bxc6 Bxc6 36. Rxd6 Bxg2+ 37. Kg1 Bd5 38. Rxd5 exd5 39. Qe3+ Kf8 40.
Qxc5+ Kg7 41. Qd4 Kh6 42. cxd5 h3 43. Kf2 Rg8 44. Rd2 Qg6 45. Qd3 Qg1+ 46. Kf3
Rg2 47. Ke4 Qe1+ 0-1

[Event "GBR-ch108 Major Open"]
[Site "Torquay"]
[Date "2022.08.20"]
[Round "8"]
[White "Saunders, Aron"]
[Black "Shaw, Peter"]
[Result "0-1"]
[WhiteElo "1517"]
[BlackElo "2117"]
[PlyCount "58"]
[EventDate "2022.08.13"]
[EventType "swiss"]
[EventRounds "9"]
[EventCountry "GBR"]
[SourceTitle "BritBase"]
[Source "John Saunders"]
[SourceDate "2021.06.05"]
[SourceVersion "1"]
[SourceVersionDate "2021.06.05"]
[SourceQuality "1"]

1. e4 c5 2. c3 Nf6 3. e5 Nd5 4. Nf3 d6 5. d4 cxd4 6. cxd4 Nc6 7. Bc4 dxe5 8.
Nxe5 e6 9. O-O Be7 10. Re1 O-O 11. Nxc6 bxc6 12. Nc3 Nxc3 13. bxc3 Qc7 14. Rb1
Bd6 15. Qh5 Rd8 16. Bg5 Be7 17. Bxe7 Qxe7 18. Re3 Qf6 19. Qe5 Qxe5 20. Rxe5 Rd7
21. f4 Kf8 22. Kf2 Rb7 23. Rxb7 Bxb7 24. g4 Ke7 25. Ke3 Kd6 26. h4 h6 27. f5
exf5 28. gxf5 f6 29. Kf4 fxe5+ 0-1

[Event "GBR-ch108 Major Open"]
[Site "Torquay"]
[Date "2022.08.20"]
[Round "8"]
[White "Leslie, Alex"]
[Black "Starley, Robert"]
[Result "1-0"]
[WhiteElo "1827"]
[BlackElo "1900"]
[PlyCount "147"]
[EventDate "2022.08.13"]
[EventType "swiss"]
[EventRounds "9"]
[EventCountry "GBR"]
[SourceTitle "BritBase"]
[Source "John Saunders"]
[SourceDate "2021.06.05"]
[SourceVersion "1"]
[SourceVersionDate "2021.06.05"]
[SourceQuality "1"]

1. d4 Nf6 2. c4 e6 3. Nf3 b6 4. g3 Ba6 5. b3 Bb4+ 6. Bd2 Be7 7. Bg2 c6 8. Bc3
d5 9. Nbd2 O-O 10. O-O b5 11. c5 Nbd7 12. b4 Qc7 13. Qc2 Rfe8 14. Rfe1 Bf8 15.
Ne5 Nxe5 16. dxe5 Nd7 17. Qb2 g6 18. f4 Bb7 19. e4 a5 20. a3 axb4 21. axb4 Rxa1
22. Rxa1 Ra8 23. Rxa8 Bxa8 24. Qa1 Bb7 25. h4 Bh6 26. Bh3 Nf8 27. Qa7 Qd7 28.
Bg2 Bc8 29. Qa5 Bg7 30. Kh2 Bh6 31. Qb6 Qb7 32. Nb3 Qa8 33. Na5 Bd7 34. Bh3 Qe8
35. Qc7 d4 36. Bxd4 Qa8 37. Bf1 Kh8 38. Kg2 Kg8 39. Kf3 Kh8 40. Bd3 Kg8 41. g4
Qe8 42. Ke3 Bg7 43. g5 h6 44. Qb7 Nh7 45. Bxb5 cxb5 46. c6 Bc8 47. Qxb5 hxg5
48. hxg5 Bf8 49. Qb8 Qd8 50. Nb7 Qe7 51. Nd6 Ba6 52. b5 Bxb5 53. Qxb5 Qd8 54.
Qc5 Qc7 55. Qc3 Be7 56. Nb5 Qc8 57. c7 Bd8 58. cxd8=Q+ Qxd8 59. Qc7 Qa8 60. Ba7
Qe8 61. Nd6 Qf8 62. Bc5 Nxg5 63. fxg5 Kh8 64. Nxf7+ Qxf7 65. Qd8+ Kg7 66. Qf6+
Kg8 67. Qxf7+ Kxf7 68. Bd6 Ke8 69. Kd4 Kd8 70. Kc5 Kd7 71. Bb8 Ke7 72. Kc6 Ke8
73. Kd6 Kf7 74. Kd7 1-0

[Event "GBR-ch108 Major Open"]
[Site "Torquay"]
[Date "2022.08.20"]
[Round "8"]
[White "Koiza, Peter"]
[Black "Larkin, Benjamin"]
[Result "1-0"]
[WhiteElo "1781"]
[BlackElo "1311"]
[PlyCount "53"]
[EventDate "2022.08.13"]
[EventType "swiss"]
[EventRounds "9"]
[EventCountry "GBR"]
[SourceTitle "BritBase"]
[Source "John Saunders"]
[SourceDate "2021.06.05"]
[SourceVersion "1"]
[SourceVersionDate "2021.06.05"]
[SourceQuality "1"]

1. c4 e5 2. Nc3 Nf6 3. g3 d5 4. cxd5 Nxd5 5. Bg2 Nb6 6. e3 Nc6 7. Nge2 Be7 8.
O-O O-O 9. f4 exf4 10. Nxf4 Ne5 11. d4 Ng6 12. Nxg6 hxg6 13. b3 c6 14. Bb2 Be6
15. e4 Qd7 16. d5 Bg4 17. Qd4 Rae8 18. Na4 f6 19. Nxb6 axb6 20. Qxb6 cxd5 21.
exd5 Bh3 22. Bxh3 Qxh3 23. Rfe1 Bd8 24. Qb5 Re7 25. Ba3 Qg4 26. Bxe7 Bxe7 27.
Qc4 1-0

[Event "GBR-ch108 Major Open"]
[Site "Torquay"]
[Date "2022.08.20"]
[Round "8"]
[White "Gardiner, Eric D"]
[Black "Johnson, Paul A"]
[Result "1-0"]
[WhiteElo "1915"]
[BlackElo "1827"]
[PlyCount "37"]
[EventDate "2022.08.13"]
[EventType "swiss"]
[EventRounds "9"]
[EventCountry "GBR"]
[SourceTitle "BritBase"]
[Source "John Saunders"]
[SourceDate "2021.06.05"]
[SourceVersion "1"]
[SourceVersionDate "2021.06.05"]
[SourceQuality "1"]

1. e4 e5 2. Nf3 Nc6 3. d4 exd4 4. Nxd4 Nf6 5. Nxc6 bxc6 6. e5 Qe7 7. Qe2 Nd5 8.
c4 Ba6 9. Nd2 Nb6 10. b3 Qd8 11. Bb2 Be7 12. O-O-O O-O 13. Qe4 f5 14. Qe3 d5
15. exd6 cxd6 16. Nf3 Kh8 17. Ne5 Bb7 18. Ng6+ Kg8 19. Nxe7+ 1-0

[Event "GBR-ch108 Major Open"]
[Site "Torquay"]
[Date "2022.08.20"]
[Round "8"]
[White "Volovich, Julia"]
[Black "Norinkeviciute, Rasa"]
[Result "1-0"]
[WhiteElo "1625"]
[BlackElo "1837"]
[PlyCount "113"]
[EventDate "2022.08.13"]
[EventType "swiss"]
[EventRounds "9"]
[EventCountry "GBR"]
[SourceTitle "BritBase"]
[Source "John Saunders"]
[SourceDate "2021.06.05"]
[SourceVersion "1"]
[SourceVersionDate "2021.06.05"]
[SourceQuality "1"]

1. d4 Nf6 2. c4 e6 3. Nc3 Bb4 4. Qc2 O-O 5. a3 Bxc3+ 6. Qxc3 b6 7. Bg5 Bb7 8.
f3 d5 9. e3 Nbd7 10. cxd5 exd5 11. Bd3 Re8 12. Ne2 h6 13. Bh4 a6 14. O-O Qe7
15. Bf2 c5 16. Qd2 c4 17. Bc2 b5 18. Nc3 Qd6 19. Rae1 Qb6 20. e4 a5 21. e5 Nh7
22. a4 bxa4 23. Bxa4 Nhf8 24. b3 Bc6 25. bxc4 Bxa4 26. Nxa4 Qb3 27. Nb2 dxc4
28. Rc1 Rac8 29. Rc3 Qb5 30. Qc2 Nb6 31. Rc1 a4 32. Ra3 Qb4 33. Rca1 Ra8 34.
Be1 Qe7 35. Rc3 Nd5 36. Rca3 Nb6 37. Nxa4 Red8 38. Qc3 Nd5 39. Qxc4 Rac8 40.
Nc5 Qg5 41. Qf1 Nf4 42. Ne4 Qg6 43. Ra6 N8e6 44. Bd2 Qh5 45. Nd6 Rc2 46. R1a2
Rxa2 47. Rxa2 Rb8 48. Be3 Qg6 49. Ne4 Nd5 50. Bf2 Nef4 51. g3 Nh3+ 52. Qxh3
Rb1+ 53. Be1 Rxe1+ 54. Kf2 Rxe4 55. fxe4 Qxe4 56. Qc8+ Kh7 57. Qc2 1-0

[Event "GBR-ch108 Major Open"]
[Site "Torquay"]
[Date "2022.08.20"]
[Round "8"]
[White "Jakhria, Kushal"]
[Black "Collins, Jonathan"]
[Result "1-0"]
[WhiteElo "1367"]
[BlackElo "1740"]
[PlyCount "105"]
[EventDate "2022.08.13"]
[EventType "swiss"]
[EventRounds "9"]
[EventCountry "GBR"]
[SourceTitle "BritBase"]
[Source "John Saunders"]
[SourceDate "2021.06.05"]
[SourceVersion "1"]
[SourceVersionDate "2021.06.05"]
[SourceQuality "1"]

1. d4 Nf6 2. c4 Nc6 3. Nf3 e6 4. a3 d5 5. Nc3 Be7 6. Bf4 Nh5 7. Bd2 Nf6 8. e3
O-O 9. Be2 dxc4 10. Bxc4 a6 11. O-O b5 12. Be2 Bb7 13. Rc1 Ra7 14. Be1 b4 15.
axb4 Bxb4 16. Qb3 Bxc3 17. Bxc3 Qa8 18. Qc2 Rc8 19. Bd3 Ne7 20. Ne1 c5 21. dxc5
Rxc5 22. Qb1 Qc8 23. Rd1 Rh5 24. Bxf6 Qc7 25. Be5 Rxe5 26. Bxh7+ Kh8 27. Bc2
Rh5 28. g3 Qe5 29. Rd8+ Ng8 30. Qd1 Qg5 31. Qd7 Ra8 32. Rxg8+ Rxg8 33. Qxb7 Qh6
34. Nf3 Qf6 35. h4 Rb5 36. Qe4 g6 37. b3 Rc8 38. Nd4 Rb4 39. f4 a5 40. h5 Rg8
41. Ra1 Rb5 42. hxg6 Rxg6 43. Qa8+ Rg8 44. Qh1+ Kg7 45. Kf2 Rh8 46. Qg2 Rbh5
47. Qe4 Rh2+ 48. Kf3 Qh6 49. Rxa5 Rh5 50. f5 Qf6 51. Ra7 Kf8 52. Nxe6+ fxe6 53.
Qa8+ 1-0